000 00661nam a22001937a 4500
001 1952063
005 20250603150830.0
008 871224s1988 ilu 000 0 eng
020 _a1555131662
050 0 0 _aMLCS 89/15422 (B)
100 1 _aRichards, Larry,
_d1931-
245 1 0 _aParents :
_bround-the-clock teachers /
_cLawrence O. Richards.
260 _aElgin, Ill. :
_bD.C. Cook Pub. Co.,
_cc1988.
300 _a112 p. ;
_c21 cm.
440 4 _aThe Successful teaching series
500 _a"The first edition of this book appeared under the title, You, the parent"--T.p. verso.
700 1 _aRichards, Larry,
_d1931-
_tYou, the parent.
942 _2lcc
_cBK
_n0
999 _c6221
_d6221